Normal view
MARC view
- Evett, Jack B.,
Entry Personal Name
001 - CONTROL NUMBER
- control field: 3537
003 - CONTROL NUMBER IDENTIFIER
- control field: NUST
005 - DATE AND TIME OF LATEST TRANSACTION
- control field: 20170721163049.0
008 - FIXED-LENGTH DATA ELEMENTS
- fixed length control field: 170721|| aca||aabn | a|a d
040 ## - CATALOGING SOURCE
- Original cataloging agency: NUST
- Transcribing agency: NUST
100 ## - HEADING--PERSONAL NAME
- Personal name: Evett, Jack B.,
- Dates associated with a name: 1942-
670 ## - SOURCE DATA FOUND
- Source citation: Work cat.: (NUST)0: Evett, Jack B., 1942-, 2500 solved problems in fluid mechanics and hydraulics /, c1989.
